000 00393 a2200121 4500
001 ART_5901
005 20260410161618.0
008 260409a
245 1 0 _aLas nuevas normas de la C.N.V. y su impacto en la actividad de los auditores externos
100 1 _aSlosse, Carlos Alberto
700 1 _aGamondés, Santiago F.
773 0 _tEnfoques
_g- Nº 11 (nov. 2007)
_wREV416
999 _c11280
_d11280